1503 1428 1073 1565 1903 1603 1522 1755 1481 1056 1755 1989 1992 1114 1271 1104 1747 1166 1878 1937 1450 1373 1286 1688 1019 1700 1445 1073 1171 1562 1144 1218 1199 1712 1117 1859 1188 1538 1360 1241 1970 1153 1630 1851 1414 1243 1079 1450 1846 1356 1810 1530 1446 1472 1293 1185 1655 1676 1566 1084 1939 1540 1790 1297 1151 1599 1869 1960 1196 1120 1145 1752 1645 1084 1954 1191 1497 1911 1721 1922 1861 1834 1649 1043 1224 1334 1470 1170 1513 1326 1422 1359 1249 1205 1476 1843 1648 1064 1469 BCNSPRNW ULIB Ver.6.0+V

เปลี่ยนเป็นภาษาไทย

Change to English
 แสดงรายละเอียดบรรณานุกรม
  กลับหน้าหลัก

Brief Record : Get Marc (ISO 2709) : E-mail record : QR code < ปิดหน้าต่าง
LEADER : 00000nam 2200000uu 4500
001    13399112900
003     ULIB
008    110916s2550||||th 000 0 tha d
020    9789747503074
090    นว.^bย231ห 2550
100 0  yayoi
245 00 หนึ่งจันทร์กลางใจ/^cyayoi
250    พิมพ์ครั้งที่ 3
260    กรุงเทพฯ :^bแจ่มใส,^c2550
300    477 หน้า
945    ^p279^l0^i14058
995    กัณชพร
999    ^aใช้งานได้ทุกระบบ
รายการนี้ยังไม่มีแท็ก
คุณยังไม่ได้ล็อกอิน คุณสามารถมีกิจกรรมร่วมกับเว็บไซต์ได้ แต่ต้องล็อกอินก่อน ::
  ล็อกอิน

รายการสื่อสารสนเทศ

ลำดับที่ ประเภท เลขเรียก/บาร์โค้ด สถานที่ สถานะ
1. วิทยาศาสตร์การแพทย์ และสุขภาพ
วิทยาศาสตร์การแพทย์ และสุขภาพ
นว. ย231ห 2550  
  Barcode: 14058
ห้องสมุดวิทยาเขตสวรรค์ประชารักษ์
►นวนิยาย
บนชั้น
  ขอยืม

รายการใกล้เคียง
    ผู้แต่ง [yayoi]

BibComment


ยังไม่เคยถูกคอมเมนท์

คอมเมนท์ทรัพยากรรายการนี้
  คอมเมนท์: หนึ่งจันทร์กลางใจ..


 Copyright 2026. Bcnsprnw @Library